Las reinas de Francia : (Record no. 28882)

MARC details
000 -LEADER
campo de control de longitud fija 00561nam a22002057a 4500
001 - NÚMERO DE CONTROL
campo de control 00028841
005 - FECHA Y HORA DE LA ÚLTIMA TRANSACCIÓN
campo de control 20260423135451.0
008 - DATOS DE LONGITUD FIJA--INFORMACIÓN GENERAL
campo de control de longitud fija 260423b ag ||||| |||| 00| 0 spa d
020 ## - NÚMERO INTERNACIONAL ESTÁNDAR DEL LIBRO
Número Internacional Estándar del Libro 9501517306
040 ## - FUENTE DE CATALOGACIÓN
Centro catalogador/agencia de origen AR-CcCEOS
Lengua de catalogación Español; Castellano
Centro/agencia transcriptor AR-CcCEOS
041 ## - CÓDIGO DE IDIOMA
Código de lengua del texto/banda sonora o título independiente Español; Castellano
080 ## - NÚMERO DE LA CLASIFICACIÓN DECIMAL UNIVERSAL
Número de la Clasificación Decimal Universal 982
090 ## - LOCALMENTE ASIGNADO TIPO-LC NÚMERO DE CLASIFICACIÓN (OCLC); NÚMERO DE CLASIFICACIÓN LOCAL (RLIN)
Número cutter local (OCLC) ; Número de libro/Signatura topográfica íntegra, CALL (RLIN) BER
100 ## - ENTRADA PRINCIPAL--NOMBRE DE PERSONA
Nombre de persona Simone Betiere
9 (RLIN) 1096
245 ## - MENCIÓN DEL TÍTULO
Título Las reinas de Francia :
Resto del título En tiempos de los Valois /
Mención de responsabilidad, etc. Simone Betiere
264 ## - PRODUCCIÓN, PUBLICACIÓN, DISTRIBUCIÓN, FABRICACIÓN Y COPYRIGHT
Producción, publicación, distribución, fabricación y copyright Buenos Aires :
Nombre del de productor, editor, distribuidor, fabricante Fallois,
Fecha de producción, publicación, distribución, fabricación o copyright c1994.
300 ## - DESCRIPCIÓN FÍSICA
Extensión 333 p. ;
Dimensiones 24x15 cm.
650 #0 - PUNTO DE ACCESO ADICIONAL DE MATERIA--TÉRMINO DE MATERIA
Término de materia o nombre geográfico como elemento de entrada historia
9 (RLIN) 90
Subdivisión geográfica Francia
942 ## - ELEMENTOS DE ENTRADA SECUNDARIOS (KOHA)
Fuente de la clasificación o esquema de estantería Clasificación decimal universal
Tipo de ítem Koha Libros
Suprimir en OPAC No
Holdings
Estatus retirado Estado de pérdida Fuente de la clasificación o esquema de estantería Estado de daño No para préstamo Biblioteca de origen Biblioteca actual Fecha de adquisición Fuente de adquisición Número de inventario Total de préstamos Signatura topográfica completa Información codificada de la localización en otra ubicación Colección Código de barras Visto por última vez Precio de reemplazo Tipo de ítem Koha
    Clasificación decimal universal     Biblioteca Julio Serebrinsky Biblioteca Julio Serebrinsky 23/04/2026 Donación 46493   982 BER SER 46493 23/04/2026 23/04/2026 Libros